| 000 | 00541nam a2200193Ia 4500 | ||
|---|---|---|---|
| 008 | 170918s9999 xx 000 0 und d | ||
| 020 | _a9780590129275 | ||
| 050 | _bS137li 1943 | ||
| 100 | _aSaint Exupery, Antoine de | ||
| 245 | 4 | _aThe little prince / | |
| 245 | _cwritten and illustrated by Antoine de Saint Exupery ; translated from the French by Katherine Woods. | ||
| 260 | _aNew York : | ||
| 260 | _bScholastic, | ||
| 260 | _c1943 | ||
| 300 | _a111 pages : | ||
| 300 | _billustrations ; | ||
| 300 | _c17cm. | ||
| 500 | _a710 | ||
| 999 |
_c343945 _d343945 |
||